| 000 | 01363nam0a2200337 4500 | ||
|---|---|---|---|
| 001 | RU\NLR\BIBL_A\022671066 | ||
| 005 | 20260420060433.0 | ||
| 010 |
_a978-5-392-42273-9 _92000 |
||
| 021 |
_aRU _bКН-П-25-061101 _9КН-П-25-5890 |
||
| 035 | _a(NLR Aleph) 022671066 | ||
| 090 |
_a13686232 _c13686232 |
||
| 100 | _a20251121d2026 u y0rusy50 ca | ||
| 101 | 0 | _arus | |
| 102 | _aRU | ||
| 105 | _ay|||z|||000yy | ||
| 181 | 0 |
_ai4 _baxxe |
|
| 182 | 0 | _an | |
| 200 | 1 |
_aНастольная книга следователя и дознавателя _fБ. Т. Безлепкин |
|
| 203 |
_aТекст _bвизуальный _cнепосредственный |
||
| 205 | _aИзд. 4-е, перераб. и доп. | ||
| 210 |
_aМосква _cПроспект _d2026 (печ. 2025) |
||
| 215 |
_a252 с. _d20 |
||
| 300 | _aНа 5-й с. авт.: проф. Б. Безлепкин | ||
| 320 | _aБиблиогр. в подстроч. примеч. | ||
| 606 | 1 |
_aСледователи _xОрганизация работы _yРоссийская Федерация _92103835 _3RU\NLR\AUTH\661272085 |
|
| 686 | 1 | _aХ629.14-9 | |
| 700 | 1 |
_7ca _8rus _aБезлепкин _bБ. Т. _f1940- _gБорис Тимофеевич _9118303 _3RU\NLR\AUTH\778395 |
|
| 942 | _cBOOK | ||
| 980 | _aNB | ||